00869 a2200217 45000010006000000050017000060080041000230030015000640400040000790800022001192450029001410200022001702500012001922640043002043000019002475050233002660410008004991000023005077000022005308560099005524933020260407155756.0260407a2018 arg spa dAR-UNSa-BCEJYS aAR-UNSa-BCEJYSbspacAR-UNSa-BCEJYS a657xContabilidad10aContabilidad patrimonial a978-987-716-082-6 a3a. ed. 1aBuenos Aires :bOsmar D. Buyattic2018 a366 p.c22 cm. a1. Patrimonio neto - 2. Bienes de cambio - 3. Bienes de uso - 4. Activos intangibles - 5. Créditos - 6. Efectivo - 7. Inversiones financieras y propiedades de inversión - 8. Compromisos ciertos - 9. Compromisos contingentes. aspa1 aPetti, Ana María1 aLonghi, Paula Ana41uhttps://www.biblioeco.unsa.edu.ar/pmb/images/libros/L127968.jpgyImagen de portadaqimage/jpeg